| 000 | 01624nam a22003137a 4500 | ||
|---|---|---|---|
| 001 | 7098 | ||
| 003 | FISKH | ||
| 005 | 20250815124644.0 | ||
| 008 | 250623b cb ||||| |||| 00| 0 eng d | ||
| 020 | _a9781442473645 | ||
| 040 |
_aFISKH _beng _cFISKH _dFISKH |
||
| 050 | _aPZ7 | ||
| 082 | _a161 | ||
| 100 | _aMcDoogle, Farrah | ||
| 245 |
_aOlivia and the sea lions / _cadapted by Farrah McDoogle : based on the screenplay " Olivia visits the aquarium " written by Eryk Casemiro and Kate Boutilier |
||
| 250 | _aFirst Edition | ||
| 260 |
_aNew York : _bSimon Spotlight , _c2013. |
||
| 300 |
_a16 unnumbered pages : _bcolor illustrations ; _c21 x 21 cm . |
||
| 490 | _aOlivia | ||
| 505 | _aK | ||
| 520 | _aOlivia can't wait to meet the sea lions at the aquarium--but waiting is exactly what she'll have to do in this 8x8 storybook with stickers! Olivia's class is going on a field trip to the aquarium, and she can't wait to visit all of the animals--especially the sea lions! But Mrs. Hoggenmuller pairs her up with Francine, who insists that they look at the sea creatures in order from smallest to largest...which means the sea lions are last. Can Olivia be patient enough to earn an extra special surprise with her favorite animal? This charming 8x8 storybook comes with twenty-five splashy stickers featuring favorite characters and underwater creatures. | ||
| 521 | 8 |
_a510
_bLexile estimate |
|
| 521 | 8 |
_aK
_bRaz-Plus |
|
| 650 |
_aOliva _vChildren's book |
||
| 650 |
_aAnimals _vChildren's book |
||
| 700 |
_aSpaziante, Patrick _eIllustrator |
||
| 942 |
_2ddc _cBK _n0 |
||
| 999 |
_c7098 _d7098 |
||